Imágenes de la esperanza. Itinerarios por el año litúrgico.

Đã lưu trong:
Chi tiết về thư mục
Tác giả chính: Ratzinger, Joseph, Papa (autor)
Tác giả khác: Tosaus, José Pedro (traducción)
Định dạng: Sách
Ngôn ngữ:Tiếng Anh
Được phát hành: Madrid, España: Ediciones Encuentro, 1998.
Loạt:Ensayos, 114
Những chủ đề:
Các nhãn: Thêm thẻ
Không có thẻ, Là người đầu tiên thẻ bản ghi này!

MARC

LEADER 00000nam a22000007a 4500
003 CL-VaPUC
005 20250103100419.0
008 220613b1998 ||||| |||| 00| 0 eng d
999 |c 435957  |d 435955 
020 |a 9788474904765 
040 |c Pontificia Universidad Católica de Valparaíso 
082 |2 22  |a 264.02 RAT 1998  
100 |a Ratzinger, Joseph,   |c Papa  |e autor   |9 494399 
245 |a Imágenes de la esperanza.  |b Itinerarios por el año litúrgico.  
260 |a Madrid, España:  |b Ediciones Encuentro,  |c 1998.  
300 |a 103 páginas 
490 |a Ensayos, 114 
500 |a c.1. Donación V.A. Nelson Vásquez para Historia. 12/04/2022 
583 |c 20220613  |k Catalogador Asistente 
650 0 |a Año litúrgico  |x Meditaciones y celebraciones  |9 345616 
650 0 |a Iglesia Católica  |x Cultos   |z Roma   |9 256114 
650 0 |9 433028  |a Cristianismo antiguo   |x Reflexiones   |z Roma  
700 |a Tosaus, José Pedro  |e traducción  |9 870560 
942 |2 ddc  |c BK 
952 |0 0  |1 0  |2 ddc  |4 0  |6 264_020000000000000_RAT_1998  |7 0  |8 A  |9 583620  |a BIBHIS  |b BIBHIS  |c GEN  |d 2022-06-13  |e Donación  |i 5651753  |o 264.02 RAT 1998  |p 5651753  |r 2025-01-20  |t 1  |w 2022-06-13  |y BK  |k HIS